Multicrew tank combat 4 maps - Statistics

General Stats
  • This quiz has been taken 5 times
  • The average score is 9 of 20
Answer Stats
Picture Answer % Correct
Dustbowl
100%
Fulvia Gap
100%
Muddy fields
80%
Radar station
80%
Chernobyl
60%
Normandy bocage
60%
Power plant
60%
Roinburg
60%
Arctic airbase
40%
Chernobyl power plant
40%
Sandy place
40%
Cloudy valley
20%
Dustbowl V2
20%
Gensokyo
20%
Japan
20%
Old reactor
20%
Snowy tundra
20%
Sokolokva
20%
Villers sommeil
0%
ZONE-11
0%
No matching quizzes found
Score Distribution
Percent of People with Each Score
Percentile by Number Answered
Your Score History
You have not taken this quiz